|
|
|
|
| LEADER |
00000nab a2200000 a 4500 |
| 001 |
vtls009141594 |
| 003 |
SK-MaSNL |
| 005 |
20260304230805.0 |
| 008 |
140422c2007 xo |||| | | |00 b|slo |
| 015 |
|
|
|a SNBRB2007/09
|2 snkbucl
|
| 038 |
|
|
|a SNKBUCL
|
| 040 |
|
|
|a SNKBUCL
|b slo
|c SNKBUCL
|e AACR2
|
| 041 |
0 |
|
|a slo
|
| 044 |
|
|
|a xo
|c SK
|
| 080 |
|
|
|a 94(437.6)
|x "08"
|2 1997
|
| 080 |
|
|
|a 930.85
|x (437.6)
|x "08"
|2 1997
|
| 080 |
|
|
|a 061.75
|2 1997
|
| 080 |
|
|
|a 323.215
|x (437.6)
|x "08"
|2 1997
|
| 080 |
|
|
|a 264-945
|x (437.6)
|x "08"
|2 1997
|
| 100 |
1 |
|
|a Korec, Ján Chryzostom,
|d 1924-2015
|4 aut
|9 203576
|
| 245 |
1 |
0 |
|a Dielo pre stáročia
|c Ján Chryzostom Korec
|
| 650 |
0 |
7 |
|a Sviatok sv. Cyrila a Metoda
|2 snkbucl
|9 1217920
|
| 650 |
0 |
7 |
|a cyrilo-metodská tradícia
|2 snkbucl
|9 58542
|
| 650 |
0 |
7 |
|a cyrilo-metodská misia
|2 snkbucl
|9 69502
|
| 773 |
0 |
|
|t Literárny (dvoj)týždenník
|g Roč. XX, č. 27-28 (2007), s. 1
|x 0862-5999
|
| 852 |
|
|
|a SNK
|b KIS3GCP
|
| 958 |
|
|
|a SK
|
| 958 |
|
|
|a NT
|
| 999 |
|
|
|c 3185141
|d 3187071
|